| 000 | 01584cam a2200277zu 4500 | ||
|---|---|---|---|
| 001 | 45007893 | ||
| 003 | FRCYB45007893 | ||
| 005 | 20251020123007.0 | ||
| 006 | m o d | ||
| 007 | cr un | ||
| 008 | 251020s2005 fr | o|||||0|0|||fre d | ||
| 020 | _a9782844502445 | ||
| 035 | _aFRCYB45007893 | ||
| 040 |
_aFR-PaCSA _bfr _c _erda |
||
| 100 | 1 | _aPlénet, Claude | |
| 245 | 0 | 1 |
_aLes fonds structurels européens _bLe cas de la Guyane _c['Plénet, Claude'] |
| 264 | 1 |
_bIbis Rouge _c2005 |
|
| 300 | _a p. | ||
| 336 |
_btxt _2rdacontent |
||
| 337 |
_bc _2rdamdedia |
||
| 338 |
_bc _2rdacarrier |
||
| 650 | 0 | _a | |
| 700 | 0 | _aPlénet, Claude | |
| 856 | 4 | 0 |
_2Cyberlibris _uhttps://international.scholarvox.com/netsen/book/45007893 _qtext/html _a |
| 520 | _aVéritable outil de développement local, les fonds structurels européens restent encore méconnus du grand public. Pourtant, l'intervention européenne en matière de financement est une pratique de plus en plus répandue dans nos Régions. L'Europe dénombre au total sept Régions d'outre-mer inscrites dans l'Objectif 1 des fonds structurels qui ont pour but d'aider les Régions en retard de développement. La France en possède 4 (Guadeloupe, Guyane, Martinique, la Réunion) à elle seule. Ces Régions françaises représentent une population totale de 1,6 million d'habitants. L'auteur analyse l'articulation des fonds structurels européens dans la lutte contre les inégalités, la mise en place du docup 2000-2006 en Guyane et son impact sur le territoire face aux enjeux à venir. | ||
| 999 |
_c1552613 _d1552613 |
||